00413nam a22001577a 4500003001100000005001700011008004100028040003900069041000800108082001300116100001900129245005900148260000900207300001900216650002000235LK-CoMWRAF20231020230704.0231020b |||||||| |||| 00| 0 eng d aLK-CoMWRAFdLK-CoMWRAFeLK-CoMWRAF aeng a823bKHA aKhayyam, Omar  aRubaiyat of Omar Khayyam and Salaman and Absal of Jami c1979 a176 p. :16 cm. aEnglish Fiction